000 00694nam a22002057a 4500
003 NUST
005 20240125095841.0
008 190701b ||||| |||| 00| 0 eng d
038 _aMr. Zahoor
082 _a629.892
100 _aAhmad, Anas Malik
_916200
245 _aDevelopment of an intelligent Neurologist Support System (iNSS) for diagnosing epilepsy
_cMalik Anus Ahmed
260 _aIslamabad :
_bSMME - NUST,
_c2015.
300 _aX, 41 p.: ill.;
_c30cm.
500 _aHardcover.
650 _aRobotics & Intelligent Machine Engineering - MS Thesis
_916201
700 _aDr. Yasar Ayaz
_916202
856 _uhttp://10.250.8.41:8080/xmlui/handle/123456789/9302
942 _2ddc
_cTHE
999 _c525358
_d525358